[Event "World ol U16"]
[Site "Eindhoven"]
[Date "2023.08.13"]
[Round "1.1"]
[White "Sapenov, Daniyal"]
[Black "Teh, Rui Gen"]
[Result "1/2-1/2"]
[WhiteElo "2316"]
[BlackElo "2080"]
[PlyCount "152"]
[EventDate "2023.08.13"]
[EventType "team-swiss"]
[EventRounds "9"]
[EventCountry "NED"]
[SourceTitle "CBM 215 Extra"]
[Source "ChessBase"]
[SourceDate "2023.09.30"]
[SourceVersion "1"]
[SourceVersionDate "2023.09.30"]
[SourceQuality "1"]
[WhiteTeam "Kazakhstan"]
[BlackTeam "Australia"]
[WhiteTeamCountry "KAZ"]
[BlackTeamCountry "AUS"]

1. e4 c5 2. Nf3 g6 3. d4 cxd4 4. Nxd4 Nf6 5. Nc3 d6 6. Be2 Bg7 7. 0-0 Nc6 8. Nb3 0-0 9. Re1 Be6 10. Bf1 Rc8 11. h3 Na5 12. Nd5 Nc4 13. Nxf6+ Bxf6 14. c3 Qb6 15. Rb1 Na5 16. Be3 Qc7 17. Nxa5 Qxa5 18. a3 d5 19. exd5 Bxd5 20. Bd4 Bxd4 21. Qxd4 e6 22. Re5 Qc7 23. Rbe1 a6 24. h4 Rfd8 25. Qf4 Bc4 26. h5 Bxf1 27. Rxf1 Rd5 28. Rfe1 Rcd8 29. Rxd5 Qxf4 30. Rxd8+ Kg7 31. hxg6 hxg6 32. Rd4 Qf5 33. g3 a5 34. Red1 g5 35. R1d2 Kg6 36. Kg2 b5 37. Re2 Qc5 38. Kg1 Qf5 39. Rde4 Qd5 40. Rd4 Qf5 41. Red2 Kg7 42. Kg2 Kg6 43. Rd7 Qc5 44. Kg1 Qe5 45. Kh2 Qh8+ 46. Kg2 Qe5 47. R7d4 Qc5 48. R2d3 Qc6+ 49. Kg1 Qc5 50. b4 axb4 51. axb4 Qf5 52. Re3 Kg7 53. Kg2 Kg6 54. Rd7 Qg4 55. Rd4 Qf5 56. Rd2 Qg4 57. Kg1 Qf5 58. Rdd3 Qg4 59. Rd4 Qf5 60. Kg2 Qc2 61. Rde4 Qd1 62. Re5 Qd6 63. Rc5 f6 64. Re1 Kf7 65. Kg1 Qd7 66. Ra1 Kg6 67. Re1 Kf7 68. Re3 Kg6 69. Kh2 Qh7+ 70. Kg2 Qb7+ 71. Kg1 Qd7 72. Re1 Kf7 73. Kf1 Kg6 74. Kg1 Kf7 75. Re3 Kg6 76. Re1 Kf7 1/2-1/2

[Event "Doeberl Cup"]
[Site "Canberra"]
[Date "2023.04.06"]
[Round "1"]
[White "Teh, Rui Gen"]
[Black "Melkumyan, Hrant"]
[Result "0-1"]
[WhiteElo "1987"]
[BlackElo "2645"]
[PlyCount "74"]
[EventDate "2023.04.06"]
[EventType "swiss"]
[EventRounds "9"]
[EventCountry "AUS"]
[SourceTitle "CBM 213 Extra"]
[Source "ChessBase"]
[SourceDate "2023.05.31"]
[SourceVersion "1"]
[SourceVersionDate "2023.05.31"]
[SourceQuality "1"]

1. e4 c5 2. Nc3 Nc6 3. f4 g6 4. Nf3 Bg7 5. a4 e6 6. e5 d6 7. Bb5 Nge7 8. Ne4 dxe5 9. fxe5 0-0 10. Nf6+ Bxf6 11. exf6 Nf5 12. Bxc6 bxc6 13. 0-0 Qxf6 14. d3 e5 15. Ng5 Qe7 16. Ne4 f6 17. b3 Rf7 18. Qd2 Nd6 19. Nxc5 Bf5 20. Ba3 Re8 21. Rae1 Qd8 22. Qc3 Kg7 23. Rf2 e4 24. dxe4 Nxe4 25. Nxe4 Rxe4 26. Rxe4 Bxe4 27. Qd2 Rd7 28. Qe2 Rd1+ 29. Rf1 Qd4+ 30. Qf2 Rxf1+ 31. Kxf1 Qd1+ 32. Qe1 Qxc2 33. Qe3 Qxg2+ 34. Ke1 Qh1+ 35. Kd2 Qxh2+ 36. Kc3 Qe5+ 37. Kd2 g5 0-1

[Event "Penang Mini op 2nd"]
[Site "Penang"]
[Date "2019.06.06"]
[Round "4"]
[White "Poh, Yu Tian"]
[Black "Teh, Rui Gen"]
[Result "1-0"]
[WhiteElo "1927"]
[BlackElo "1298"]
[PlyCount "81"]
[EventDate "2019.06.05"]
[EventType "swiss"]
[EventRounds "9"]
[EventCountry "MAS"]
[SourceTitle "CBM 190 Extra"]
[Source "ChessBase"]
[SourceDate "2019.07.15"]
[SourceVersion "1"]
[SourceVersionDate "2019.07.15"]
[SourceQuality "1"]

1. e4 c5 2. Nf3 g6 3. d4 cxd4 4. Nxd4 Nc6 5. Nc3 Bg7 6. Be3 Nf6 7. Nb3 d6 8. Be2 0-0 9. 0-0 Be6 10. f4 Qc8 11. h3 Rd8 12. Bf3 Bc4 13. Rf2 e5 14. Nd5 Nxd5 15. exd5 Ne7 16. c3 Qc7 17. Nc1 f5 18. Rd2 Bh6 19. b3 exf4 20. Bf2 Bb5 21. Bd4 Bg7 22. c4 Bd7 23. Bxg7 Kxg7 24. Nd3 g5 25. Qc2 Qb6+ 26. Kh1 Qd4 27. Re1 Qf6 28. Rde2 Ng6 29. Bh5 Re8 30. Bxg6 Kxg6 31. Rxe8 Rxe8 32. Rxe8 Bxe8 33. c5 f3 34. gxf3 Qd4 35. Qc4 Qa1+ 36. Kg2 Qxa2+ 37. Nf2 Bd7 38. c6 bxc6 39. dxc6 Bc8 40. Qg8+ Kh6 41. Qxc8 1-0